[Event "Chigorin Memorial 30th"]
[Site "St Petersburg"]
[Date "2023.10.23"]
[Round "3"]
[White "Kostygova, Margarita"]
[Black "Dagaev, Dmitry"]
[Result "0-1"]
[WhiteElo "1576"]
[BlackElo "2084"]
[PlyCount "88"]
[EventDate "2023.10.21"]
[EventType "swiss"]
[EventRounds "9"]
[EventCountry "RUS"]
[SourceTitle "Mega2024 Update 01"]
[Source "Chessbase"]
[SourceDate "2023.11.12"]
[SourceVersion "1"]
[SourceVersionDate "2023.11.12"]
[SourceQuality "1"]

1. e4 e5 2. Nf3 Nc6 3. Bc4 Bc5 4. c3 Nf6 5. d4 exd4 6. e5 d5 7. Be2 Ne4 8. cxd4 Bb6 9. Nc3 0-0 10. 0-0 Bg4 11. Be3 f6 12. exf6 Nxf6 13. Rc1 Ne7 14. Ne5 Bxe2 15. Nxe2 Nf5 16. Nf4 Re8 17. Qd3 Ne4 18. Ne2 c6 19. Bf4 Rf8 20. Nf3 Nh4 21. Nxh4 Qxh4 22. f3 Nf6 23. Bg3 Qg5 24. Nf4 Rfe8 25. Kh1 Nh5 26. Nxh5 Qxh5 27. Rfe1 Rxe1+ 28. Rxe1 Re8 29. Re3 Rxe3 30. Qxe3 Qg6 31. Be1 h6 32. g3 Qb1 33. a3 Bxd4 34. Qxd4 Qxe1+ 35. Kg2 Qe2+ 36. Kg1 Qxf3 37. Qxa7 Qd1+ 38. Kg2 Qc2+ 39. Kh3 Qxb2 40. Qb8+ Kh7 41. Qf8 Qf6 42. Qb4 Qf5+ 43. Kg2 Qe4+ 44. Qxe4+ dxe4 0-1

[Event "Chigorin Memorial 30th"]
[Site "St Petersburg"]
[Date "2023.10.22"]
[Round "2"]
[White "Dagaev, Dmitry"]
[Black "Batyrev, Kirill"]
[Result "0-1"]
[WhiteElo "2084"]
[BlackElo "1627"]
[PlyCount "86"]
[EventDate "2023.10.21"]
[EventType "swiss"]
[EventRounds "9"]
[EventCountry "RUS"]
[SourceTitle "Mega2024 Update 01"]
[Source "Chessbase"]
[SourceDate "2023.11.12"]
[SourceVersion "1"]
[SourceVersionDate "2023.11.12"]
[SourceQuality "1"]

1. e4 e5 2. Nc3 Nf6 3. f4 d5 4. fxe5 Nxe4 5. Qf3 f5 6. d3 Nxc3 7. bxc3 d4 8. Qg3 Nc6 9. Be2 Qd5 10. Bf4 dxc3 11. Bf3 Qf7 12. Bxc6+ bxc6 13. Ne2 Bc5 14. Be3 Ba3 15. 0-0 0-0 16. Bd4 Be6 17. Bxc3 Bc5+ 18. Kh1 Qg6 19. Qxg6 hxg6 20. Nf4 Kf7 21. Nxe6 Kxe6 22. Rab1 g5 23. g3 g6 24. Kg2 g4 25. Rf4 Rab8 26. Rb3 Bb6 27. Rc4 Kd5 28. h3 gxh3+ 29. Kxh3 g5 30. Rb1 Be3 31. Rf1 Rh8+ 32. Kg2 f4 33. Re4 Rh6 34. Kf3 Rh3 35. Be1 Ke6 36. Kg4 Rh2 37. Rc4 c5 38. gxf4 gxf4 39. Ba5 Rg8+ 40. Kf3 Kf5 41. Be1 Rgg2 42. Re4 Rxc2 43. Bg3 Rh3 0-1

[Event "Chigorin Memorial 30th"]
[Site "St Petersburg"]
[Date "2023.10.21"]
[Round "1"]
[White "Potapenko, Nikita"]
[Black "Dagaev, Dmitry"]
[Result "1/2-1/2"]
[WhiteElo "1589"]
[BlackElo "2084"]
[PlyCount "82"]
[EventDate "2023.10.21"]
[EventType "swiss"]
[EventRounds "9"]
[EventCountry "RUS"]
[SourceTitle "Mega2024 Update 01"]
[Source "Chessbase"]
[SourceDate "2023.11.12"]
[SourceVersion "1"]
[SourceVersionDate "2023.11.12"]
[SourceQuality "1"]

1. d4 Nf6 2. c4 e6 3. Nc3 Bb4 4. e3 0-0 5. Nge2 b6 6. a3 Be7 7. e4 Bb7 8. Ng3 d5 9. cxd5 exd5 10. e5 Ne4 11. Ngxe4 dxe4 12. Bc4 Nc6 13. Be3 Kh8 14. 0-0 f5 15. exf6 Bxf6 16. Bd5 Rb8 17. Qa4 Nxd4 18. Bxd4 Bxd5 19. Bxf6 Rxf6 20. Nxd5 Qxd5 21. Qxa7 Rc8 22. Qa4 Qe5 23. Qb3 Rcf8 24. Rae1 Qd4 25. Re2 c5 26. Qe3 Rf4 27. g3 Qxe3 28. Rxe3 Rf3 29. Rxe4 Rb3 30. Re2 c4 31. Rc1 b5 32. f4 Kg8 33. Rc3 Rxc3 34. bxc3 Ra8 35. Ra2 Kf7 36. Kf2 Ke6 37. Ke3 Kd5 38. h3 Re8+ 39. Kf2 Ra8 40. Ke3 Re8+ 41. Kf2 Ra8 1/2-1/2

[Event "Kostroma Volga Cup op"]
[Site "Kostroma"]
[Date "2008.07.??"]
[Round "4"]
[White "Dagaev, Dmitry"]
[Black "Sotnikov, Maxim"]
[Result "0-1"]
[WhiteElo "2156"]
[BlackElo "1979"]
[PlyCount "76"]
[EventDate "2008.07.??"]
[EventType "swiss"]
[EventRounds "9"]
[EventCountry "RUS"]
[SourceTitle "EXT 2009"]
[Source "ChessBase"]
[SourceDate "2008.11.26"]
[SourceVersion "1"]
[SourceVersionDate "2008.11.26"]
[SourceQuality "1"]

1. e4 c5 2. c4 Nc6 3. Nc3 g6 4. g3 Bg7 5. Bg2 Nf6 6. d3 d6 7. Nge2 a6 8. 0-0 Rb8 9. a4 Bd7 10. f4 0-0 11. h3 Ne8 12. f5 Nd4 13. Nxd4 Bxd4+ 14. Kh2 Bg7 15. Bg5 Nf6 16. Qd2 Re8 17. Rae1 Bc6 18. fxg6 hxg6 19. b3 Qd7 20. Qf4 Qe6 21. Nd5 Bxd5 22. exd5 Qd7 23. Bxf6 exf6 24. d4 b6 25. a5 Rxe1 26. Rxe1 f5 27. dxc5 bxc5 28. Qe3 Be5 29. h4 Qd8 30. Rf1 Qxh4+ 31. Bh3 Qd8 32. Kg2 Qxa5 33. Bxf5 Qa2+ 34. Rf2 Qxb3 35. Qg5 Qxg3+ 36. Qxg3 Bxg3 37. Kxg3 gxf5 38. Rxf5 Kg7 0-1